000 00641nam a22002177a 4500
005 20170124110203.0
010 _aB-108021
020 _c20.00
_a8187326271
035 _aB-108021
037 _bCen Lib/Ret
040 _aDPL
_bEN
082 _a181.499
_bKRI
100 _aKrishnamurti, J.
_974217
245 _aBeyond violence /
_cby J.Krishnamurti
260 _aChennai
_bKrishnamurti Foundation India
_c2002
270 _bChennai
_aVasanta Vihar, 64 Greenways Road
_e600 028
300 _a186p.
_c18cm(pbk)
650 _aLiberty
_936677
650 _aKnowledge-- Sociology
_936678
942 _2ddc
_cEN
_h181.499
_mKRI
999 _c133057
_d133057